00530nam a22001697a 450000500170000000800410001704100080005808200160006610000280008224500860011026000490019630000210024536500240026650000440029094200070033499900190034120240430155224.0240430b |||||||| |||| 00| 0 eng d aeng a720.28bANA aAnagali Akshada9206403 aSylvan Trails: In Portial Fulfilment Of The Requirements For The Degree Of M Arch aPunebBNCA M Arch Digital Architecturec2024 a60pbHbc21 x 31 aINRb150.00cRupaye aBNCA M Arch Digital Architecture Thesis cPR c357844d357844